Central Library OPAC University of Rajshahi

Automotive maintenance and trouble shooting / (Record no. 14104)

MARC details
000 -LEADER
fixed length control field 00764cam a22002412 4500
001 - CONTROL NUMBER
control field 14104
003 - CONTROL NUMBER IDENTIFIER
rucl marc code BD-RjUL
005 - DATE AND TIME OF LATEST TRANSACTION
control field 20211208235555.0
008 - FIXED-LENGTH DATA ELEMENTS--GENERAL INFORMATION
fixed length control field 140205s1970 ii a 000 0 eng
020 ## - INTERNATIONAL STANDARD BOOK NUMBER
Terms of availability : IRs. 20.00
035 ## - SYSTEM CONTROL NUMBER
System control number (BD-RjUL)14156
040 ## - CATALOGING SOURCE
Original cataloging agency DLC
Transcribing agency DLC
Modifying agency EQO
-- BD-RjUL
Language of cataloging eng
041 ## - LANGUAGE CODE
Language code of text/sound track or separate title eng
082 ## - DEWEY DECIMAL CLASSIFICATION NUMBER
Classification number 629.287
Author mark and year VEA 1970
100 1# - MAIN ENTRY--PERSONAL NAME
Personal name Venk, Ernest
9 (RLIN) 220937
245 10 - TITLE STATEMENT
Title Automotive maintenance and trouble shooting /
Statement of responsibility, etc. Ernest Venk; Edward D. Spicer
250 ## - EDITION STATEMENT
Edition statement 3rd ed., Indian Reprint ed.
260 ## - PUBLICATION, DISTRIBUTION, ETC. (IMPRINT)
Place of publication, distribution, etc. Bombay:
Name of publisher, distributor, etc. D. B.Taraporevala sons & co.,
Date of publication, distribution, etc. 1970
300 ## - PHYSICAL DESCRIPTION
Pagination vi, 426, [8] p. :
Illustrations ill. ;
Size 22 cm.
650 #0 - SUBJECT ADDED ENTRY--TOPICAL TERM
Topical term or geographic name as entry element Automobiles
General subdivision Maintenance and repair.
9 (RLIN) 44062
700 1# - ADDED ENTRY--PERSONAL NAME
Personal name Spicer, Edward D. ,
Dates associated with a name 1923- , jt. auth.
942 ## - ADDED ENTRY ELEMENTS (KOHA)
Source of classification or shelving scheme Dewey Decimal Classification
Koha item type Books
Holdings
Lost status Source of classification or shelving scheme Damaged status Not for loan Collection code Permanent Location Current Location Shelving location Date acquired Source of acquisition Cost, normal purchase price Total Checkouts Full call number Date last seen Copy number Koha item type
  Dewey Decimal Classification   Not For Loan Non-fiction Central Library, University of Rajshahi Central Library, University of Rajshahi Reading Room 13/04/1974 Continental Publication 26.00   629.287 VEA 1970 05/02/2014 C-1 Books
  Dewey Decimal Classification     Non-fiction Central Library, University of Rajshahi Central Library, University of Rajshahi   13/04/1974 Contineltal Publication 26.00   629.287 VEA 1970 26/02/2019 C-2 Books